Air pollution (Record no. 70231)

000 -LEADER
fixed length control field 00465nam a22001817a 4500
003 - CONTROL NUMBER IDENTIFIER
control field NUST - PNEC
005 - DATE AND TIME OF LATEST TRANSACTION
control field 20170116181136.0
008 - FIXED-LENGTH DATA ELEMENTS--GENERAL INFORMATION
fixed length control field 151007b xxu||||| |||| 00| 0 eng d
020 ## - INTERNATIONAL STANDARD BOOK NUMBER
International Standard Book Number 0070493022
040 ## - CATALOGING SOURCE
Transcribing agency LIBRARY
082 ## - DEWEY DECIMAL CLASSIFICATION NUMBER
Classification number 628.53 PER
100 ## - MAIN ENTRY--PERSONAL NAME
9 (RLIN) 14296
Personal name Perkins, Henry C
245 ## - TITLE STATEMENT
Title Air pollution
Statement of responsibility, etc. Henry C. Perkins
250 ## - EDITION STATEMENT
Edition statement International student edition
260 ## - PUBLICATION, DISTRIBUTION, ETC.
Date of publication, distribution, etc. 1974
650 ## - SUBJECT ADDED ENTRY--TOPICAL TERM
9 (RLIN) 14294
Topical term or geographic name entry element Air--Pollution
General subdivision General
942 ## - ADDED ENTRY ELEMENTS (KOHA)
Source of classification or shelving scheme
Koha item type Book
Holdings
Withdrawn status Lost status Source of classification or shelving scheme Damaged status Not for loan Permanent Location Current Location Shelving location Date acquired Total Checkouts Full call number Barcode Date last seen Price effective from Koha item type
          Pakistan Navy Engineering College (PNEC) Pakistan Navy Engineering College (PNEC)       628.53 PER PNECLIB-005331 10/07/2015   Book
© 2023 Central Library, National University of Sciences and Technology. All Rights Reserved.